000
00225nam a22000857a 4500
008
160715b xxu||||| |||| 00| 0 eng d
100
_9
2892
_a
Sueltz, A.F
245
_a
When the Wood is Green
260
_a
London
_b
Harper & Row
_c
1973
999
_c
2458
_d
2458